| 000 | 02620nam a2200493Ii 4500 | ||
|---|---|---|---|
| 001 | DIGDYK0097 | ||
| 003 | NyNyDIG | ||
| 008 | 140116t20092009sp ob 000 0 spa d | ||
| 006 | m o d | ||
| 007 | cr ||||||||||| | ||
| 035 | _a(OCoLC)888342582 | ||
| 040 |
_aDGITA _beng _erda _epn _cDGITA |
||
| 020 |
_a9788499821511 _q(eBook ; _qpdf) |
||
| 020 |
_a8499821510 _q(eBook ; _qpdf) |
||
| 020 | _z9788498497557 | ||
| 020 | _z8498497558 | ||
| 245 | 0 | 3 |
_aLa relación jurídica y los derechos subjetivos, su ejercicio / _cCoordinador, Dr. Domingo Bello Janeiro ; Pablo Amat Llombart, Domingo Bello Janeiro, Laura Gazquez Serrano, María del Mar Méndez Serrano, Javier Talma Charles. |
| 264 | 1 |
_aMadrid : _bDykinson S.L., _c[2009] |
|
| 264 | 4 | _c©2009 | |
| 300 | _a1 online resource (118 pages) | ||
| 336 |
_atext _btxt _2rdacontent |
||
| 337 |
_acomputer _bc _2rdamedia |
||
| 338 |
_aonline resource _bcr _2rdacarrier |
||
| 490 | 1 |
_aCuadernos prácticos Bolonia. Parte general ; _vCuaderno IV |
|
| 490 | 1 | _aDykinson manuales | |
| 505 | 0 | _aLa relación jurídica. Los derechos subjetivos / Pablo Amat Llombart -- Nacimiento, adquisición, modificación, pérdida y extinción / Laura Gazquez Serrano -- El ejercicio de los derechos subjetivos. Límites. La buena fe; la colisión de derechos; el abuso del derecho; la protección de los derechos / Javier Talma Charles -- El ejercicio de los derechos y el tiempo: su cómputo; la renuncia a los derechos; la prescripción y la caducidad / María del Mar Méndez Serrano -- Conceptos jurídicos / Domingo Bello Janeiro. | |
| 504 | _aIncludes bibliographical references (pages 103-105). | ||
| 588 | 0 | _aOnline resource; title from ePub and PDF title page (Digitalia, viewed January 16, 2014) | |
| 650 | 0 |
_aCivil law _zSpain. |
|
| 655 | 0 | _aElectronic books. | |
| 700 | 1 |
_aBello Janeiro, Domingo, _eeditor, _eauthor. |
|
| 700 | 1 |
_aAmat Llombart, Pablo, _eauthor. |
|
| 700 | 1 |
_aGázquez Serrano, Laura, _eauthor. |
|
| 700 | 1 |
_aMéndez Serrano, Ma. del Mar _q(María del Mar), _eauthor. |
|
| 700 | 1 |
_aTalma Charles, Javier, _eauthor. |
|
| 776 | 0 | 8 |
_iPrint version: _tRelación jurídica y los derechos subjetivos, su ejercicio. _dMadrid : Editorial Dykinson, c2009. _z9788498497557 _w(OCoLC)682906161 |
| 830 | 0 |
_aCuadernos prácticos Bolonia. _pParte general ; _vCuaderno 4. |
|
| 793 | 0 |
_gDigitalia eBook Collection: _aDykinson Editorial. |
|
| 791 | 2 |
_aDigitalia (Firm) _epublisher. |
|
| 830 | 0 | _aDykinson manuales. | |
| 856 | 4 | 0 |
_3Digitalia Hispánica _uhttps://www.digitaliapublishing.com/a/14554/ |
| 910 | _aPremium Collection: 2013 | ||
| 942 | _cRAA | ||
| 999 |
_c233578 _d233578 |
||